Top 100 biggest european airports - Statistics

General Stats
  • This quiz has been taken 212 times
  • The average score is 77 of 100
Answer Stats
Hint Answer % Correct
1 London Heathrow Airport
99%
10 London Gatwick Airport
98%
22 Moscow Domodedovo International Airport
98%
8 Moscow Sheremetyevo International Airport
98%
29 Moscow Vnukovo Internetional Airport
98%
44 Nice Côte d'Azur Airport
98%
2 Paris Charles De Gaulle Airport
98%
13 Paris Orly Airport
98%
3 Amsterdam Schipol Airport
97%
28 Berlin Tegel Airport
97%
5 Madrid Adolfo Suárez Airport
97%
19 Manchester Airport
97%
52 Berlin Schönefeld Airport
96%
12 Dublin Airport
96%
91 London City Airport
96%
34 London Luton Airport
96%
23 London Stansted Airport
96%
45 Milan Bergamo Orio al Serio Airport
96%
78 Milan Linate Airport
96%
20 Milan Malpensa Airport
96%
6 Barcelona Josep Tarradella Airport
95%
30 Helsinki Vantaa Airport
95%
16 Lisbon Airport
95%
21 Oslo Gardermoen Airport
95%
25 Stockholm Arlanda Airport
95%
33 Warsaw Chopin Airport
94%
26 Athens International Airport
93%
17 Copenhagen Airport
93%
4 Frankfurt am Main Airport
93%
61 Glasgow Airport
93%
84 Rome Ciampino
93%
11 Rome Leonardo da Vinci Airport
93%
15 Zurich Airport
93%
39 Istanbul Atatürk Airport
92%
40 Kyiv Boryspil International Airport
92%
7 New Istanbul Airport
92%
14 Vienna International Airport
92%
24 Brussels Airport
90%
64 Brussels South Charleroi Airport
90%
38 Budapest Ferenc Liszt International Airport
90%
37 Hamburg Airport
90%
36 Prague Václav Havel Airport
90%
43 Bucharest Henri Coanda International Airport
89%
42 Edinburgh Airport
89%
55 Marseille Provence Airport
89%
46 Porto Airport
89%
50 Lyon Saint Exupéry Airport
86%
53 Naples Airport
86%
73 Sofia Airport
84%
48 Birmingham Airport
83%
94 Liverpool John Lennon Airport
83%
31 Málaga Airport
83%
18 Palma De Mallorca Airport
83%
27 Düsseldorf Airport
81%
63 Kraków John Paul II International Airport
81%
67 Riga International Airport
81%
82 Belgrade Nikola Tesla Airport
80%
49 Cologne Bonn Airport
80%
35 Geneva Airport
80%
62 Valencia Airport
79%
51 Venice Marco Polo Airport
78%
81 Belfast International Airport
76%
92 Minsk National Airport
74%
74 Palermo Falcone Borsellino Airport
74%
47 Stuttgart Airport
73%
93 Vilnius Airport
73%
68 Bordeaux-Mérignac Airport
72%
9 Munich airport
72%
71 Keflavik International Airport
70%
83 Bilbao Airport
69%
56 Toulouse-Blangac Airport
69%
88 Gdansk Lech Walesa Airport
67%
89 Newcastle Airport
66%
58 EuroAirport Basel Mulhoue Freiburg
63%
41 Alicante Airport
61%
69 Seville Airport
61%
60 Bristol Airport
60%
65 Ibiza Airport
60%
75 Thessaloniki Airport
60%
57 Bologna Guglielmo Marconi Airport
59%
54 Catania Fontanarossa Airport
57%
85 Bari Airport
56%
72 Nantes Atlantique Airport
56%
79 Bergen Airport
54%
66 Heraklion International Airport
54%
70 Malta International Airport
54%
96 Cagliari Elmas Airport
52%
59 Faro Airport
49%
99 Luxemburg Airport
49%
95 Katowice Airport
46%
97 East Midlands Airport
44%
87 Pisa Galileo Galilei Airport
44%
86 Rhodes International Airport
43%
76 Eindhoven Airport
39%
32 Saint Petersburg Pulkovo Airport
37%
80 Hanover Langenhagen Airport
33%
100 Trondheim Airport Værmes
31%
77 Göteborg Landvetter Airport
16%
98 Krasnodar International Airport
9%
90 Simferopol International Airport
7%
No matching quizzes found
Score Distribution
Percent of People with Each Score
Percentile by Number Answered
Your Score History
You have not taken this quiz